Montseny : La Calma, Matagalls, Les Agudes, Turó de l'Home, Valls del Congost, Tordera, Riera d'Arbúcies, Riera Major y Gurri / per S. Llobet, A. Bescós y X. Coll La Calma, Matagalls, Les Agudes, Turó de l'Home, Valls del Congost, Tordera, Riera d'Arbúcies, Riera Major y Gurri / per S. Llobet, A. Bescós y X. Coll

por Llobet, Salvador, 1908-1991

Publicado: Granollers : Alpina , 1961
Descripción Física: 24 p. ; 16 cm

MARC

LEADER 00000nam a2200000Ia 4500
001 14734
008 160829s1961 xx 000 0 cat d
080 |a FU-2-77 
100 1 |a Llobet, Salvador,   |d 1908-1991  |9 25877 
245 |a Montseny :  |b  La Calma, Matagalls, Les Agudes, Turó de l'Home, Valls del Congost, Tordera, Riera d'Arbúcies, Riera Major y Gurri / per S. Llobet, A. Bescós y X. Coll 
260 |a Granollers :  |b Alpina,  |c 1961 
300 |a 24 p. ;  |c 16 cm 
490 |a Publicación núm. 6 
590 |a Manca el mapa topogràfic 
650 |a Montseny  |x Descripció  |9 26698 
700 |a Bescós, Antoni   |9 27104 
700 |a Coll, Xavier  |9 27105 
901 |a Arxiu 
942 |n 1 
952 |0 0  |1 0  |4 0  |6 FU277  |7 1  |9 44271  |a Arxiu  |b Arxiu  |d 2016-12-01  |l 0  |o FU-2-77  |p 14734  |r 2016-12-01 00:00:00  |w 2016-12-01  |y ARXIU 
999 |c 46851  |d 46851